Razrušenije tverdych tel

Saved in:
Bibliographic Details
Format: Book
Language:Russian
Published: Moskva : Metallurgija, 1967
Subjects:
Tags: Add Tag
No Tags, Be the first to tag this record!

MARC

LEADER 00000nam a22000003a 4500
001 stu41285
005 20141122042409.9
008 931118s1967----xxr-----------------rus-d
040 |a STU  |b slo 
041 0 |a rus 
044 |a xxr 
080 |a 539.42  |7 stu_us_auth*stu3142 
245 |a Razrušenije tverdych tel 
260 |a Moskva :  |b Metallurgija,  |c 1967 
300 |a 498 s 
650 7 |a lomy  |2 stusub 
996 |b 284M061908  |c M*3064-1  |l MMKN  |s A  |a 24  |w stu41285_0001